000 00342pab a2200145 454500
008 180718b1989 xxu||||| |||| 00| 0 eng d
100 _aVenkataramiah, E.S.
245 _aFreedom of information
260 _c1989
300 _a5-11
362 _aApr.
650 _aCivil Liberties
773 _aPress Council of India Review
909 _a5650
999 _c5650
_d5650